| 000 | 00780nam a2200217 a 4500 | ||
|---|---|---|---|
| 999 |
_c10761 _d10761 |
||
| 001 | 10761 | ||
| 003 | BD-JhCC | ||
| 005 | 20220727134023.0 | ||
| 008 | 180905s2017 bg a|||| |||| 000 0 ben d | ||
| 020 | _a9789849181774 | ||
| 035 | _a(BD-JhCC)10761 | ||
| 040 |
_aBD-JhCC _dBD-JhCC |
||
| 041 | _aben | ||
| 082 |
_a005.133 _bHOS 2017 |
||
| 100 | _aহোসেন, ড. মোক্তার | ||
| 245 |
_aজাভা প্রোগ্রামিং / _cড. মোক্তার হোসেন, |
||
| 260 |
_aঢাকা : _bসিসটেক পাবলিকেশন্স লিমিটেড, _c২০১৭ |
||
| 300 |
_a৪৪৮ পৃ. : _bচিত্রাবলী, _c২৪ সেমি. |
||
| 650 | _aJava (Computer program language) | ||
| 942 |
_2ddc _cBK _01 |
||